Statistics for economics, accounting and business studies /
An introduction to statistics for economics, accounting and business studies. Wherever possible problems are illustrated by real data and it aims to cover all the relevant statistical concepts and methods as well as the different schools of thought about statistical methodology
Na minha lista:
| Autor principal: | |
|---|---|
| Formato: | Livro |
| Publicado em: |
London :
Longman,
c1998
|
| Assuntos: | |
| Tags: |
Adicionar Tag
Sem tags, seja o primeiro a adicionar uma tag!
|
MARC
| LEADER | 00000cam a2200000 i 4500 | ||
|---|---|---|---|
| 020 | |a 0582003598 | ||
| 040 | |a MUL |b eng |e AACR | ||
| 082 | 0 | 0 | |a 519.502433 BAR |
| 100 | 1 | |a Barrow, Michael, | |
| 245 | 1 | 0 | |a Statistics for economics, accounting and business studies / |c Michael Barrow. |
| 260 | |a London : |b Longman, |c c1998 | ||
| 300 | |a xviii, 499 p.: |c 25 cm. |b ill. ; | ||
| 504 | |a Includes bibliographical references and index. | ||
| 520 | |a An introduction to statistics for economics, accounting and business studies. Wherever possible problems are illustrated by real data and it aims to cover all the relevant statistical concepts and methods as well as the different schools of thought about statistical methodology | ||
| 650 | 0 | |a Economics | |
| 650 | 0 | |a Commercial statistics. | |
| 650 | 0 | |a Accounting--Statistical methods | |
| 942 | |c BK | ||
| 999 | |c 3421 |d 3421 | ||